000 00542nam a22002177a 4500
003 UA-OsUOA
001 64017
007 ta
008 20091027b un ||||| |||| 00| 0 ukr d
100 _aКондратюк А.
090 _a330
_bК64
942 _cSA
040 _aUA-OsUOA
_bukr
_cUA-OsUOA
_dUA-OsUOA
245 _aКредитна історія позичальника в США
300 _aС.86-92
955 _a0
041 _aukr
080 _a330
773 0 _w64014
650 7 _a330 Економіка взагалі
_2UDC
999 _c350119
_d350119